000 00543nam a2200205Ia 4500
005 20250923144421.0
008 008 250917s9999 xx 000 0 eng d
037 _aTextual
040 _aDSWL
_beng
_cDSWL
041 _aeng
_2eng
084 _aT:3(YX,ZD), N37
_qDSWL
100 _aSlavson, S.R
_9824702
245 0 _aCreative group education
_cby S.R Slavson
260 _aNew
_c1948
300 _a247 p.
365 _aUSD
_b3
925 _g3
942 _cTEXL
_hT:3(YX,ZD), N37
999 _c1438588
_d1438588